| 000 | 00434nam a22001217a 4500 | ||
|---|---|---|---|
| 008 | 230704b xxu||||| |||| 00| 0 eng d | ||
| 082 |
_a363.1 _bUNI |
||
| 110 | _bUnited nations | ||
| 245 |
_aReport of the Ad Hoc Committee of the Whole of the Special Session of the general Assembly Devoted to countering the World drug Problem Together _bgeneral Assembly |
||
| 260 |
_aNew york _bUnited Nations _c1998 |
||
| 300 | _a34p | ||
| 942 |
_2ddc _cBK |
||
| 999 |
_c3907 _d3907 |
||